Normal view MARC view
  • Omar Ahsan | Muhammad Junaid | Muhammad Shehzad

Entry Personal Name

Number of records used in: 2

001 - CONTROL NUMBER

  • control field: 5583

003 - CONTROL NUMBER IDENTIFIER

  • control field: NUST

005 - DATE AND TIME OF LATEST TRANSACTION

  • control field: 20171024115623.0

008 - FIXED-LENGTH DATA ELEMENTS

  • fixed length control field: 171024|| aca||aabn | a|a d

040 ## - CATALOGING SOURCE

  • Original cataloging agency: NUST
  • Transcribing agency: NUST

100 ## - HEADING--PERSONAL NAME

  • Personal name: Omar Ahsan | Muhammad Junaid | Muhammad Shehzad

670 ## - SOURCE DATA FOUND

  • Source citation: Work cat.: (NUST): Omar Ahsan | Muhammad Junaid | Muhammad Shehzad, Do-OR-DIE (DOD) Botnets: novel command and control (C&C) options for botnets, 2017
© 2023 Central Library, National University of Sciences and Technology. All Rights Reserved.